[Event "Players CUP 2008 <1600"]
[Site "SchemingMind.com"]
[Date "2008.06.26"]
[Round "-"]
[White "dtedesco"]
[Black "twotone"]
[Result "0-1"]
[WhiteCountry "CAN"]
[BlackCountry "ENG"]
[WhiteElo "1478"]
[WhiteRD "59"]
[BlackElo "1479"]
[BlackRD "77"]
[GameID "160918"]

1. e4 e5 2. f4 Bd6 3. Nc3 exf4 4. Nf3 Ne7 5. Bc4 h6 6. d4 O-O 7. e5 Bb4 8. Bd2 d5 9. Nxd5 Bxd2+ 10. Qxd2 Nxd5
11. Bxd5 Qxd5 12. Qxf4 Nc6 13. a3 Be6 14. O-O Ne7 15. c3 Nf5 16. Rac1 b5 17. Nh4 Nxh4 18. Qxh4 c5 19. Rcd1 c4 20. g4 Qe4
21. h3 Qg6 22. d5 Bd7 23. e6 fxe6 24. dxe6 Rxf1+ 25. Rxf1 Qxe6 26. Qf2 a5 27. Re1 Qf6 28. Qxf6 gxf6 29. Rf1 Rf8 30. Rd1 Rf7
31. Rd5 Kg7 32. Kf2 Re7 33. Kg3 Be8 34. a4 Rb7 35. Kf4 Kg6 36. h4 Kf7 37. Kf5 Ke7 38. g5 hxg5 39. hxg5 fxg5 40. Kxg5 Ke6
41. Rc5 Kd6 42. Rf5 Bd7 43. Rf6+ Be6 44. Rf4 bxa4 45. Rf2 a3 46. bxa3 Rb3 47. Rf8 Rxa3 48. Ra8 Kc5 49. Kf6 Bd5 50. Ke5 Bc6
51. Rb8 Rxc3 52. Ra8 a4 53. Ra5+ Bb5 54. Ke4 a3 55. Ra8 Kb4 56. Kd4 Rd3+ 57. Ke4 Rd2 58. Ke3 c3 59. Rg8 Rd1 60. Rg2 Kb3
0-1

[Event "Players CUP 2008 <1600"]
[Site "SchemingMind.com"]
[Date "2008.06.26"]
[Round "-"]
[White "Carl Lenox"]
[Black "twotone"]
[Result "0-1"]
[WhiteCountry "CAN"]
[BlackCountry "ENG"]
[WhiteElo "1235"]
[WhiteRD "56"]
[BlackElo "1413"]
[BlackRD "74"]
[GameID "160919"]

1. e4 e5 2. Nf3 Nc6 3. Bc4 Nf6 4. Ng5 d5 5. Bb3 Nd4 6. Ba4+ c6 7. c3 Nb5 8. O-O Nd6 9. d4 b5 10. Bb3 dxe4
11. Qe2 exd4 12. cxd4 Be7 13. Bf4 Nc4 14. Bc2 Nxb2 15. Bb3 Qxd4 16. Nd2 Nd5 17. Ndxe4 Nxf4 18. Nxf7 Nxe2+ 19. Kh1 Rf8 20. f3 Nc4
21. Rad1 Qf6 22. Nxf6+ Bxf6 23. Nd6+ Nxd6 24. Rxd6 Bb7 25. Re1 Be7 26. Re6 O-O-O 27. Rxe7 Nd4 28. Bd1 Nf5 29. Bb3 Nxe7 30. Rxe7 Rfe8
31. Re6 a5 32. h4 a4 33. Bc2 Rxe6 34. Bf5 Re8 35. Bxh7 Re1+ 36. Kh2 R8e2 37. Bf5+ Kc7 38. Bd3 Rxa2 39. f4 Rd2
0-1

[Event "Players CUP 2008 <1600"]
[Site "SchemingMind.com"]
[Date "2008.06.26"]
[Round "-"]
[White "jamesm_beatty"]
[Black "lame wolf"]
[Result "1-0"]
[WhiteCountry "USA"]
[BlackCountry "INT"]
[WhiteElo "1474"]
[WhiteRD "71"]
[BlackElo "1074"]
[BlackRD "50"]
[GameID "161038"]

1. e4 d5 2. exd5 Qxd5 3. Nc3 Qd8 4. d4 Nc6 5. Nf3 Bg4 6. d5 Nb8 7. Be2 Bxf3 8. Bxf3 c6 9. dxc6 Nxc6 10. Bf4 Qxd1+
11. Rxd1 Rd8 12. O-O e6 13. Be3 b6 14. Bxc6+ Ke7 15. Rxd8 Kxd8 16. Rd1+ Kc7 17. Bb5 Bc5 18. Bxc5 Nf6 19. Be7 Re8 20. Bxe8
1-0

[Event "Players CUP 2008 <1600"]
[Site "SchemingMind.com"]
[Date "2008.06.26"]
[Round "-"]
[White "jamesm_beatty"]
[Black "twotone"]
[Result "1-0"]
[WhiteCountry "USA"]
[BlackCountry "ENG"]
[WhiteElo "1482"]
[WhiteRD "66"]
[BlackElo "1413"]
[BlackRD "74"]
[GameID "161039"]

1. e4 c5 2. Nf3 Nc6 3. d4 cxd4 4. Nxd4 e5 5. Nb5 Nf6 6. N1c3 d6 7. Bg5 Be7 8. Bxf6 Bxf6 9. Nd5 Qa5+ 10. Qd2 Qxd2+
11. Kxd2 Bd8 12. Ndc7+ Bxc7 13. Nxc7+ Kd7 14. Nxa8 b6 15. a3 Bb7 16. Nxb6+ axb6 17. Bb5 Rc8 18. f3 Ke7 19. c3 f6 20. g4 g5
21. h4 Na7 22. a4 d5 23. Bd3 dxe4 24. Bxe4 Bxe4 25. fxe4 Rc4 26. hxg5 Rxe4 27. gxf6+ Kxf6 28. Raf1+ Rf4 29. Rxf4+ exf4 30. Rh5 Kg6
31. Ke2 Nc6 32. Kf3 Ne7 33. Kxf4 Ng8 34. b4 h6 35. Rb5 Nf6 36. Rxb6 Kf7 37. Rxf6+
1-0

[Event "Players CUP 2008 <1600"]
[Site "SchemingMind.com"]
[Date "2008.06.26"]
[Round "-"]
[White "jamesm_beatty"]
[Black "kwabena"]
[Result "0-1"]
[WhiteCountry "USA"]
[BlackCountry "ENG"]
[WhiteElo "1474"]
[WhiteRD "71"]
[BlackElo "1661"]
[BlackRD "71"]
[GameID "161040"]

1. e4 d5 2. exd5 Qxd5 3. Nc3 Qd8 4. d4 Nf6 5. Nf3 Bf5 6. Bd3 Bxd3 7. Qxd3 a6 8. Bf4 e6 9. a3 c5 10. dxc5 Qxd3
11. cxd3 Bxc5 12. d4 Ba7 13. O-O O-O 14. Rfd1 Nc6 15. Be5 Nd7 16. Bd6 Rfe8 17. d5 exd5 18. Nxd5 Re2 19. Bg3 Nb6 20. Nxb6 Bxb6
21. h3 Rxb2 22. Re1 h6 23. Re7 Bd4 24. Rd7 Bf6 25. Rad1 b5 26. Be5 Bxe5 27. Nxe5 Nxe5 28. Rd8+ Rxd8 29. Rxd8+ Kh7 30. Rd6 Ra2
31. Rxa6 b4 32. a4 b3 33. Rb6 b2 34. a5 Nc4 35. Rb4 Rxa5 36. Rxc4 b1=Q+ 37. Kh2 f6 38. g4 Ra2 39. Kg3 Qd3+ 40. f3 Qxc4
41. h4 g5 42. hxg5 fxg5 43. Kh3 Qf1+ 44. Kg3 Qg2#
0-1

[Event "Players CUP 2008 <1600"]
[Site "SchemingMind.com"]
[Date "2008.06.26"]
[Round "-"]
[White "jamesm_beatty"]
[Black "Dannibal"]
[Result "1-0"]
[WhiteCountry "USA"]
[BlackCountry "BEL"]
[WhiteElo "1474"]
[WhiteRD "71"]
[BlackElo "1012"]
[BlackRD "79"]
[GameID "161041"]

1. e4 d6 2. d4 Nc6 3. Nf3 Bg4 4. Be2 Nf6 5. Nc3 Nb4 6. a3 Nc6 7. d5 Ne5 8. Nxe5 a5 9. Nxg4 Nd7 10. O-O h5
11. Ne3 Ne5 12. h3 g6 13. Bd2 b5 14. Nxb5 Rb8 15. Bxa5 Rxb5 16. Bxb5+ Nd7 17. Nc4 f5 18. Qd4 Rh7 19. Rfe1 Bg7 20. Qa7 Bxb2
21. Nxb2 fxe4 22. Rxe4 Kf8 23. Bxc7 Qe8 24. Nc4 g5 25. Nb6 Nxb6 26. Bxe8 Nxd5 27. Bxd6 Kxe8 28. Qa8+ Kd7 29. Qxd5 exd6 30. Qb7+ Kd8
31. Qxh7 h4 32. Rae1 d5 33. Re8#
1-0

[Event "Players CUP 2008 <1600"]
[Site "SchemingMind.com"]
[Date "2008.06.26"]
[Round "-"]
[White "jamesm_beatty"]
[Black "dtedesco"]
[Result "0-1"]
[WhiteCountry "USA"]
[BlackCountry "CAN"]
[WhiteElo "1474"]
[WhiteRD "71"]
[BlackElo "1460"]
[BlackRD "54"]
[GameID "161043"]

1. e4 c5 2. Nf3 g6 3. d4 Bg7 4. Be3 Nc6 5. dxc5 b6 6. cxb6 Qxb6 7. Nbd2 Qxb2 8. Qb1 Qxa1 9. Qxa1 Bxa1 10. Bc4 Rb8
11. O-O Be5 12. Bxa7 Rb2 13. c3 Bxc3 14. Rb1 Nxa7 15. Nb3 Rxb1+ 16. Ne1 Rxe1+ 17. Bf1 Ba6 18. Nd2 Bxd2 19. f3 Be3+ 20. Kh1 Rxf1#
0-1

[Event "Players CUP 2008 <1600"]
[Site "SchemingMind.com"]
[Date "2008.06.27"]
[Round "-"]
[White "jamesm_beatty"]
[Black "Carl Lenox"]
[Result "1-0"]
[WhiteCountry "USA"]
[BlackCountry "CAN"]
[WhiteElo "1482"]
[WhiteRD "66"]
[BlackElo "1235"]
[BlackRD "56"]
[GameID "161044"]

1. e4 e5 2. Nf3 Nc6 3. Nc3 Nf6 4. Bc4 Bc5 5. d3 d6 6. Bg5 O-O 7. h3 h6 8. Bh4 b6 9. a3 Bb7 10. Bxf6 Qxf6
11. O-O Rad8 12. Nd5 Qg6 13. c3 Rfe8 14. Nxc7 Re7 15. Nd5 a6 16. Nxe7+ Nxe7 17. b4 Bxf2+ 18. Rxf2 Qg3 19. Rc1 b5 20. Ba2 Ng6
21. Qb3 Nf4 22. Qxf7+ Kh7 23. Qc7 Nxd3 24. Qxd8 Qxf2+ 25. Kh2 Nxc1 26. Qg8+ Kg6 27. Bf7+ Kf6 28. Be8 Ne2 29. Qf7#
1-0

[Event "Players CUP 2008 <1600"]
[Site "SchemingMind.com"]
[Date "2008.06.27"]
[Round "-"]
[White "lame wolf"]
[Black "jamesm_beatty"]
[Result "0-1"]
[WhiteCountry "INT"]
[BlackCountry "USA"]
[WhiteElo "1074"]
[WhiteRD "50"]
[BlackElo "1474"]
[BlackRD "71"]
[GameID "161045"]

1. Nf3 d5 2. d4 Nc6 3. Qd3 Nf6 4. c4 e6 5. Bg5 h6 6. Bxf6 Qxf6 7. cxd5 exd5 8. Nc3 Bb4 9. a3 Ba5 10. b4 Bb6
11. Nxd5 Bf5 12. Qe3+ Qe6 13. Qxe6+ Bxe6 14. Nf4 Nxd4 15. Nxe6 fxe6 16. Rd1 O-O-O 17. e3 Nc2+ 18. Ke2 Nxa3 19. Ke1 Nc2+ 20. Ke2 Nxb4
21. g4 Rxd1 22. Kxd1 Rd8+ 23. Nd2 Ba5 24. Kc1 Na2+ 25. Kc2 Rxd2+ 26. Kb3 Rxf2 27. Bc4 e5 28. Ka4 Bb6 29. Be6+ Kb8 30. Rd1 Nc3+
0-1

[Event "Players CUP 2008 <1600"]
[Site "SchemingMind.com"]
[Date "2008.06.28"]
[Round "-"]
[White "twotone"]
[Black "jamesm_beatty"]
[Result "0-1"]
[WhiteCountry "ENG"]
[BlackCountry "USA"]
[WhiteElo "1413"]
[WhiteRD "74"]
[BlackElo "1482"]
[BlackRD "66"]
[GameID "161046"]

1. d4 Nf6 2. e3 d5 3. Bd3 Nc6 4. f4 g6 5. Nf3 Bg7 6. O-O Bg4 7. h3 Bf5 8. Nc3 a6 9. Re1 Qd6 10. a3 Ne4
11. g4 Nxc3 12. bxc3 Bxd3 13. cxd3 O-O 14. Qb3 b5 15. e4 e6 16. e5 Qe7 17. Bb2 Na5 18. Qc2 c5 19. Rac1 c4 20. dxc4 Nxc4
21. Ra1 Bh6 22. Bc1 a5 23. g5 Bg7 24. a4 b4 25. Nd2 Nxd2 26. Bxd2 bxc3 27. Bxc3 Rfc8 28. Qd2 Qc7 29. Rac1 Bf8 30. Bb2 Bb4
31. Qd1 Qb6 32. Re2 Rc6 33. Rec2 Rac8 34. Rxc6 Rxc6 35. Kg2 Qc7 36. h4 Rxc1 37. Bxc1 Qc4 38. Be3 Qc3 39. Qc1 Qb3 40. Kf3 Qxa4
41. Qc8+ Kg7 42. Qd8 Qa3 43. Qf6+ Kg8 44. Qd8+ Bf8 45. Ke2 a4 46. Qa8 Qb2+ 47. Bd2 a3 48. Kd3 Qb1+ 49. Kc3 a2
0-1

[Event "Players CUP 2008 <1600"]
[Site "SchemingMind.com"]
[Date "2008.06.28"]
[Round "-"]
[White "kwabena"]
[Black "jamesm_beatty"]
[Result "1-0"]
[WhiteCountry "ENG"]
[BlackCountry "USA"]
[WhiteElo "1661"]
[WhiteRD "71"]
[BlackElo "1474"]
[BlackRD "71"]
[GameID "161047"]

1. d4 Nf6 2. Bg5 Ne4 3. Bf4 d5 4. e3 Nc6 5. c4 e6 6. cxd5 exd5 7. a3 g6 8. Nc3 Bf5 9. Nf3 Bg7 10. Qb3 b6
11. Qxd5 Qxd5 12. Nxd5 O-O-O 13. Nxc7 Nc3 14. bxc3 Rd7 15. Nb5
1-0

[Event "Players CUP 2008 <1600"]
[Site "SchemingMind.com"]
[Date "2008.06.28"]
[Round "-"]
[White "Dannibal"]
[Black "jamesm_beatty"]
[Result "0-1"]
[WhiteCountry "BEL"]
[BlackCountry "USA"]
[WhiteElo "1012"]
[WhiteRD "79"]
[BlackElo "1474"]
[BlackRD "71"]
[GameID "161048"]

1. c4 Nf6 2. d4 g6 3. Bg5 Bg7 4. Nf3 c5 5. dxc5 Ne4 6. Qd3 Nxc5 7. Qd4 Bxd4 8. Nxd4 Nc6 9. e3 Nxd4 10. Bd3 Nxd3+
11. Kd2 Nxf2 12. Rf1 Ne4+ 13. Kc1 Ne2+ 14. Kd1 Nxg5 15. Kxe2 O-O 16. Nc3 d6 17. Rad1 Bg4+ 18. Kd2 Bxd1 19. Nxd1 Qa5+ 20. Nc3 Ne4+
21. Ke2 Nxc3+ 22. bxc3 Qxc3 23. Kf3 Qxc4 24. Kf2 Qxf1+ 25. Kxf1 Rfc8 26. h4 Rc2 27. a4 Rac8 28. a5 Ra2 29. e4 Rc1#
0-1

[Event "Players CUP 2008 <1600"]
[Site "SchemingMind.com"]
[Date "2008.06.26"]
[Round "-"]
[White "dtedesco"]
[Black "jamesm_beatty"]
[Result "1-0"]
[WhiteCountry "CAN"]
[BlackCountry "USA"]
[WhiteElo "1466"]
[WhiteRD "55"]
[BlackElo "1482"]
[BlackRD "66"]
[GameID "161050"]

1. e4 e5 2. f4 exf4 3. Nf3 g5 4. c4 Bb4 5. Nc3 d6 6. d4 Nf6 7. Bd2 Bxc3 8. Bxc3 Nxe4 9. Bd3 Bf5 10. Bxe4 Bxe4
11. Qe2 Qe7 12. d5 Bxf3 13. Qxe7+ Kxe7 14. Bxh8 Nd7 15. Bc3 Bxg2 16. Rg1 f3 17. Bd4 f5 18. h3 Bxh3 19. Rxg5 Ne5 20. Rg7+ Nf7
21. Rxh7 Bg2 22. Kf2 b6 23. Re1+ Kf8 24. Rh5 Ne5 25. Bxe5 dxe5 26. Rxf5+ Ke7 27. Rexe5+ Kd6 28. Re6+ Kc5 29. d6+ Kxc4 30. dxc7 Rc8
31. Rc6+ Kd3 32. Rd5+ Ke4 33. Rd8 Rxd8 34. cxd8=Q Kf4 35. Rc4+ Ke5 36. b4
1-0

[Event "Players CUP 2008 <1600"]
[Site "SchemingMind.com"]
[Date "2008.06.28"]
[Round "-"]
[White "Carl Lenox"]
[Black "jamesm_beatty"]
[Result "0-1"]
[WhiteCountry "CAN"]
[BlackCountry "USA"]
[WhiteElo "1264"]
[WhiteRD "59"]
[BlackElo "1474"]
[BlackRD "71"]
[GameID "161051"]

1. e4 e5 2. Nf3 Nc6 3. Nc3 Bb4 4. Bc4 Nf6 5. d3 d5 6. Bb3 dxe4 7. dxe4 Nxe4 8. Qd3 Bf5 9. Qb5 Nxc3 10. Qc4 Qd1#
0-1

[Event "Players CUP 2008 <1600"]
[Site "SchemingMind.com"]
[Date "2008.06.27"]
[Round "-"]
[White "nupshawjr"]
[Black "lame wolf"]
[Result "1-0"]
[WhiteCountry "USA"]
[BlackCountry "INT"]
[WhiteElo "1599"]
[WhiteRD "89"]
[BlackElo "1074"]
[BlackRD "50"]
[GameID "161210"]

1. e4 d5 2. exd5 Qxd5 3. Nc3 Qd8 4. Nf3 e6 5. Bc4 c5 6. O-O Bd7 7. d4 b5 8. Be2 c4 9. Be3 Qc8 10. b3 Bb4
11. Bd2 Bxc3 12. Bxc3 Bc6 13. bxc4 Ne7 14. cxb5 Bb7 15. Bb2 O-O 16. c4 Nd7 17. Rc1 a6 18. a4 axb5 19. cxb5 Qd8 20. Qb3 Bd5
21. Bc4 Bxc4 22. Rxc4 Nb6 23. Rb4 Qd5 24. Qxd5 Nbxd5 25. Rc4 Rfc8 26. Rfc1 f6 27. Rxc8+ Nxc8 28. Ra1 Ncb6 29. a5 Nc4 30. Ra2 Nxa5
31. Bc1 Nb4 32. Ra1 Nd5 33. Bd2 Ne7 34. Rxa5 g5 35. Rxa8+
1-0

[Event "Players CUP 2008 <1600"]
[Site "SchemingMind.com"]
[Date "2008.06.27"]
[Round "-"]
[White "nupshawjr"]
[Black "twotone"]
[Result "1-0"]
[WhiteCountry "USA"]
[BlackCountry "ENG"]
[WhiteElo "1599"]
[WhiteRD "89"]
[BlackElo "1451"]
[BlackRD "75"]
[GameID "161211"]

1. e4 e5 2. f4 f6 3. fxe5 fxe5 4. Qh5+ g6 5. Qxe5+ Ne7 6. Qxh8 h6 7. Nf3 d6 8. Bc4 c5 9. d4 cxd4 10. Nxd4 Qa5+
11. c3 Qe5 12. O-O Qxh8 13. Be6 Bxe6 14. Nxe6 Na6 15. Rxf8+ Qxf8 16. Nxf8 Kxf8 17. Bxh6+ Kg8 18. Nd2 Kh7 19. Bf4 Rd8 20. Nc4 d5
21. Rd1 Rd7 22. Ne5 Rd8 23. Bg5 Re8 24. exd5 Nf5 25. d6 Nxd6 26. Ng4 Nf5 27. Nf6+ Kg7 28. Nxe8+ Kh7 29. Rd7+ Kh8 30. Nf6 Ng7
31. Bh6 Nc5 32. Rd8+
1-0

[Event "Players CUP 2008 <1600"]
[Site "SchemingMind.com"]
[Date "2008.06.27"]
[Round "-"]
[White "nupshawjr"]
[Black "kwabena"]
[Result "1-0"]
[WhiteCountry "USA"]
[BlackCountry "ENG"]
[WhiteElo "1599"]
[WhiteRD "89"]
[BlackElo "1661"]
[BlackRD "71"]
[GameID "161212"]

1. e4 d5 2. exd5 Qxd5 3. Nf3 Bg4 4. Be2 Bf5 5. O-O e6 6. Nc3 Qd8 7. d4 Nf6 8. Bg5 h6 9. Bf4 Bd6 10. Be5 Be7
11. Bxf6 Bxf6 12. Re1 O-O 13. Bc4 a6 14. d5 exd5 15. Nxd5 b5 16. Nxf6+ Qxf6 17. Bd5 c6 18. Bb3 Qxb2 19. Nd4 Rd8 20. Qh5 Bg6
21. Qxg6 Qxd4 22. Bxf7+ Kh8 23. Bb3 c5 24. Re8+ Rxe8 25. Qxe8+ Kh7 26. Re1 c4 27. c3 Qxc3 28. Qe4+ Kh8 29. Bc2 Qxe1+ 30. Qxe1 Nc6
31. Qe4 Kg8 32. Qxc6 Rd8 33. Qe6+ Kf8 34. h3 Re8 35. Qxa6 Re1+ 36. Kh2 Re2 37. Bg6 Rxf2 38. Qd6+
1-0

[Event "Players CUP 2008 <1600"]
[Site "SchemingMind.com"]
[Date "2008.06.28"]
[Round "-"]
[White "nupshawjr"]
[Black "Dannibal"]
[Result "1-0"]
[WhiteCountry "USA"]
[BlackCountry "BEL"]
[WhiteElo "1599"]
[WhiteRD "89"]
[BlackElo "1012"]
[BlackRD "79"]
[GameID "161213"]

1. e4 c5 2. Nf3 Nf6 3. Nc3 Nc6 4. Bb5 e6 5. O-O a6 6. Ba4 b5 7. Nxb5 axb5 8. Bxb5 Nd4 9. Nxd4 cxd4 10. d3 Ba6
11. Bxa6 Rxa6 12. Bd2 Bc5 13. b4 Bd6 14. Re1 Rb6 15. e5 Bxe5 16. Rxe5 Rxb4 17. Bxb4 Qc7 18. Re1 Nd5 19. Qb1 Qb6 20. a3 h5
21. Qb3 g5 22. c4 Nxb4 23. axb4 f5 24. Ra8+ Qd8 25. Rxd8+ Kxd8 26. b5 d5 27. cxd5 Rh7 28. Rxe6 h4 29. Qc4 Ra7 30. Re1 g4
31. b6 Ra8 32. Qc7#
1-0

[Event "Players CUP 2008 <1600"]
[Site "SchemingMind.com"]
[Date "2008.06.27"]
[Round "-"]
[White "nupshawjr"]
[Black "dtedesco"]
[Result "1-0"]
[WhiteCountry "USA"]
[BlackCountry "CAN"]
[WhiteElo "1599"]
[WhiteRD "89"]
[BlackElo "1460"]
[BlackRD "54"]
[GameID "161216"]

1. e4 c5 2. Nf3 d6 3. d4 cxd4 4. Nxd4 Nf6 5. Nc3 g6 6. f3 Bg7 7. Bc4 O-O 8. Be3 Nc6 9. Qd2 Bd7 10. O-O-O Rc8
11. h4 h5 12. g4 hxg4 13. fxg4 Nxg4 14. h5 e5 15. hxg6 Nxe3 16. gxf7+ Rxf7 17. Bxf7+ Kxf7 18. Qxe3 Nxd4 19. Rdf1+ Bf6 20. Rh7+ Ke6
21. Qh3+ Nf5 22. Qxf5#
1-0

[Event "Players CUP 2008 <1600"]
[Site "SchemingMind.com"]
[Date "2008.06.27"]
[Round "-"]
[White "nupshawjr"]
[Black "Carl Lenox"]
[Result "1-0"]
[WhiteCountry "USA"]
[BlackCountry "CAN"]
[WhiteElo "1599"]
[WhiteRD "89"]
[BlackElo "1264"]
[BlackRD "59"]
[GameID "161217"]

1. e4 e5 2. f4 Nc6 3. Nf3 Nf6 4. Nc3 Bc5 5. fxe5 Ng4 6. d4 Be7 7. Bc4 O-O 8. O-O Bh4 9. Bf4 b6 10. Be2 f5
11. exf5 Rxf5 12. Nd5 Qe8 13. Nxc7 Qe7 14. Nxa8 Rxf4 15. Nc7 Rf8 16. Nd5 Qe6 17. Bc4 a6 18. Nf6+ Rxf6 19. Bxe6+ dxe6 20. exf6 Bxf6
21. d5 exd5 22. Qxd5+
1-0

[Event "Players CUP 2008 <1600"]
[Site "SchemingMind.com"]
[Date "2008.06.28"]
[Round "-"]
[White "lame wolf"]
[Black "nupshawjr"]
[Result "0-1"]
[WhiteCountry "INT"]
[BlackCountry "USA"]
[WhiteElo "1074"]
[WhiteRD "50"]
[BlackElo "1599"]
[BlackRD "89"]
[GameID "161218"]

1. b4 Nf6 2. a3 g6 3. Bb2 Bg7 4. d4 O-O 5. e3 d6 6. b5 b6 7. f3 Re8 8. a4 Nbd7 9. Be2 Bb7 10. Bc3 e5
11. e4 exd4 12. Bxd4 c5 13. Bb2 d5 14. e5 Nxe5 15. g3 d4 16. c3 Nxf3+ 17. Kf2 Ng4+ 18. Kf1 Ne3+ 19. Kf2 Nxd1+
0-1

[Event "Players CUP 2008 <1600"]
[Site "SchemingMind.com"]
[Date "2008.06.28"]
[Round "-"]
[White "twotone"]
[Black "nupshawjr"]
[Result "0-1"]
[WhiteCountry "ENG"]
[BlackCountry "USA"]
[WhiteElo "1413"]
[WhiteRD "74"]
[BlackElo "1612"]
[BlackRD "92"]
[GameID "161219"]

1. d4 Nf6 2. e3 g6 3. c4 Bg7 4. Nc3 d6 5. e4 O-O 6. Nf3 Bg4 7. h3 Bxf3 8. Qxf3 Re8 9. Bf4 Nbd7 10. Bd3 e5
11. dxe5 dxe5 12. Bg5 Nc5 13. Nd5 c6 14. Nxf6+ Bxf6 15. Bxf6 Nxd3+ 16. Kf1 Qb6 17. Qxd3 Qxb2 18. Qb1 Qd4 19. Kg1 Re6 20. Bg5 c5
21. Be3 Qxc4 22. Qxb7 Ree8 23. Qc7 Qxe4 24. Qxc5 Rec8 25. Qa5 f5 26. Qa3 f4 27. Bd2 Rc2 28. Re1 Qd5 29. Bc3 Rc8 30. Ba1 Rxf2
31. Kxf2 Rc2+ 32. Re2 Rxe2+ 33. Kxe2 Qxg2+ 34. Kd1 Qxh1+ 35. Kc2 Qxa1 36. Qb3+ Kg7 37. Qd5 Qd4 38. Qxd4 exd4 39. Kd2 Kf6 40. Kd3 Ke5
41. Ke2 Ke4
0-1

[Event "Players CUP 2008 <1600"]
[Site "SchemingMind.com"]
[Date "2008.06.28"]
[Round "-"]
[White "kwabena"]
[Black "nupshawjr"]
[Result "1-0"]
[WhiteCountry "ENG"]
[BlackCountry "USA"]
[WhiteElo "1661"]
[WhiteRD "71"]
[BlackElo "1599"]
[BlackRD "89"]
[GameID "161220"]

1. d4 Nf6 2. Bg5 g6 3. Bxf6 exf6 4. e3 Bg7 5. Nf3 O-O 6. c4 Re8 7. Be2 b6 8. O-O Bb7 9. Nc3 d5 10. cxd5 Bxd5
11. Qc2 Nc6 12. Rfc1 f5 13. Nxd5 Qxd5 14. Qxc6 Qxc6 15. Rxc6 f4 16. Bb5 fxe3 17. Rxc7 exf2+ 18. Kxf2 a6 19. Bxe8 Rxe8 20. Rd1 Bh6
21. d5 Be3+ 22. Kf1 Bc5 23. d6 a5 24. d7
1-0

[Event "Players CUP 2008 <1600"]
[Site "SchemingMind.com"]
[Date "2008.06.28"]
[Round "-"]
[White "Dannibal"]
[Black "nupshawjr"]
[Result "0-1"]
[WhiteCountry "BEL"]
[BlackCountry "USA"]
[WhiteElo "1012"]
[WhiteRD "79"]
[BlackElo "1599"]
[BlackRD "89"]
[GameID "161221"]

1. e4 d5 2. Qf3 dxe4 3. Qxe4 Nc6 4. Nc3 e5 5. d3 Nf6 6. Qa4 Bd7 7. Bg5 Nd4 8. Nf3 Bxa4 9. Nxe5 Nxc2+ 10. Ke2 Nxa1
11. Nxa4 Qd4 12. Nc3 O-O-O 13. g3 Bc5 14. Nxf7 Qxf2+ 15. Kd1 Qc2+ 16. Ke1 Rhe8+ 17. Be2 Rxd3 18. Kf1 Ng4 19. Bxg4+ Kb8 20. Be2 Rxc3
21. h4 Qxe2#
0-1

[Event "Players CUP 2008 <1600"]
[Site "SchemingMind.com"]
[Date "2008.06.28"]
[Round "-"]
[White "jamesm_beatty"]
[Black "nupshawjr"]
[Result "0-1"]
[WhiteCountry "USA"]
[BlackCountry "USA"]
[WhiteElo "1474"]
[WhiteRD "71"]
[BlackElo "1599"]
[BlackRD "89"]
[GameID "161222"]

1. e4 d5 2. exd5 Nf6 3. Nc3 c6 4. dxc6 Nxc6 5. Nf3 Bf5 6. Bb5 Qd7 7. d3 O-O-O 8. O-O h5 9. h3 Bxh3 10. Bxc6 bxc6
11. gxh3 Qxh3 12. Re1 e6 13. Bf4 g5 14. Bxg5 Rg8 15. Re5 Bd6 16. Ra5 Bf4 17. Qf1 Qxf3 18. Qg2 Rxg5 19. Qxg5 Bxg5 20. Rxa7 Ng4
21. Kf1 Qxf2#
0-1

[Event "Players CUP 2008 <1600"]
[Site "SchemingMind.com"]
[Date "2008.06.27"]
[Round "-"]
[White "dtedesco"]
[Black "nupshawjr"]
[Result "0-1"]
[WhiteCountry "CAN"]
[BlackCountry "USA"]
[WhiteElo "1475"]
[WhiteRD "57"]
[BlackElo "1635"]
[BlackRD "93"]
[GameID "161224"]

1. e4 d5 2. exd5 Nf6 3. d4 c6 4. Nf3 Bg4 5. Be2 cxd5 6. Nc3 Nc6 7. Ne5 Bxe2 8. Qxe2 e6 9. Nxc6 bxc6 10. Bg5 Be7
11. Bxf6 Bxf6 12. Rd1 O-O 13. Rd3 e5 14. dxe5 Bxe5 15. O-O Re8 16. Re3 d4 17. Rxe5 Rxe5 18. Qxe5 dxc3 19. Qxc3 Rc8 20. Re1 h6
21. b4 Qd5 22. a4 c5 23. b5 h5 24. h3 Qd4 25. Qa5 c4 26. Re7 Qd1+ 27. Kh2 Qd6+ 28. g3 Qxe7 29. h4 Qe2 30. Kg2 Qxc2
31. b6 axb6 32. Qxb6 Qxa4
0-1

[Event "Players CUP 2008 <1600"]
[Site "SchemingMind.com"]
[Date "2008.06.28"]
[Round "-"]
[White "Carl Lenox"]
[Black "nupshawjr"]
[Result "0-1"]
[WhiteCountry "CAN"]
[BlackCountry "USA"]
[WhiteElo "1264"]
[WhiteRD "59"]
[BlackElo "1599"]
[BlackRD "89"]
[GameID "161225"]

1. e4 d5 2. Nc3 dxe4 3. Nxe4 Bf5 4. f3 e5 5. g4 Qh4+ 6. Ng3 Bd7 7. b3 Nf6 8. d3 Bd6 9. Ne2 Bxg4 10. fxg4 Nxg4
11. Bb2 Nxh2 12. Bg2 e4 13. dxe4 Bxg3+ 14. Kd2 Qg5+ 15. Kc3 O-O 16. Bc1 Qe5+ 17. Nd4 Nc6 18. Be3 Rad8 19. Rc1 Ng4 20. Qxg4 Nxd4
21. Bd2 Nc6+ 22. Kc4 b5#
0-1

[Event "Players CUP 2008 <1600"]
[Site "SchemingMind.com"]
[Date "2008.06.28"]
[Round "-"]
[White "Zugzwang"]
[Black "lame wolf"]
[Result "1-0"]
[WhiteCountry "CAN"]
[BlackCountry "INT"]
[WhiteElo "1493"]
[WhiteRD "56"]
[BlackElo "1074"]
[BlackRD "50"]
[GameID "161283"]

1. d4 b5 2. e4 a6 3. Nf3 d5 4. exd5 Qxd5 5. Nc3 Qd8 6. Bd3 Bb7 7. O-O e6 8. Re1 Bb4 9. a3 Bxc3 10. bxc3 Ne7
11. Re3 Bd5 12. Ne5 c6 13. Rg3 Nf5 14. Bxf5 exf5 15. Rxg7 Nd7 16. Nxf7 Bxf7 17. Bg5 Nf6 18. Qe2+ Kf8 19. Qe5 Kxg7 20. Qg3 Qd7
21. Bh4+ Ng4 22. f3 Bg6 23. fxg4 fxg4 24. Re1 Bxc2 25. Re7+
1-0

[Event "Players CUP 2008 <1600"]
[Site "SchemingMind.com"]
[Date "2008.06.29"]
[Round "-"]
[White "Zugzwang"]
[Black "twotone"]
[Result "1-0"]
[WhiteCountry "CAN"]
[BlackCountry "ENG"]
[WhiteElo "1493"]
[WhiteRD "56"]
[BlackElo "1451"]
[BlackRD "75"]
[GameID "161284"]

1. d4 d5 2. Nf3 Nc6 3. e3 Nf6 4. Bd3 Bd7 5. O-O e6 6. Nbd2 Bb4 7. c3 Ba5 8. Qe2 O-O 9. e4 dxe4 10. Nxe4 Nd5
11. Neg5 h6 12. Nh7 Re8 13. Qe4 g6 14. Bxh6 Kxh7 15. Ng5+ Kg8 16. Qh4 Nf6 17. f4 Nh7 18. Rf3 Ne7 19. Nxh7 Nf5 20. Nf6+ Kh8
21. Bxf5 exf5 22. Bf8#
1-0

[Event "Players CUP 2008 <1600"]
[Site "SchemingMind.com"]
[Date "2008.06.28"]
[Round "-"]
[White "Zugzwang"]
[Black "nupshawjr"]
[Result "1/2-1/2"]
[WhiteCountry "CAN"]
[BlackCountry "USA"]
[WhiteElo "1493"]
[WhiteRD "56"]
[BlackElo "1599"]
[BlackRD "89"]
[GameID "161285"]

1. d4 Nf6 2. Nf3 g6 3. e3 Bg7 4. Be2 d6 5. b3 Bg4 6. O-O O-O 7. c4 Re8 8. Nc3 Nbd7 9. h3 Bxf3 10. Bxf3 e5
11. Bxb7 Rb8 12. Bc6 exd4 13. exd4 a5 14. Re1 Rxe1+ 15. Qxe1 Rb6 16. d5 Nc5 17. Bg5 h6 18. Bxf6 Bxf6 19. Qe2 Bxc3 20. Rc1 Bb4
21. Qe3 Kh7 22. Rc2 Rb8=
1/2-1/2

[Event "Players CUP 2008 <1600"]
[Site "SchemingMind.com"]
[Date "2008.06.28"]
[Round "-"]
[White "Zugzwang"]
[Black "kwabena"]
[Result "0-1"]
[WhiteCountry "CAN"]
[BlackCountry "ENG"]
[WhiteElo "1493"]
[WhiteRD "56"]
[BlackElo "1661"]
[BlackRD "71"]
[GameID "161286"]

1. d4 d5 2. Nf3 Nf6 3. e3 Bf5 4. c4 c6 5. Qb3 Qc7 6. Ne5 e6 7. Nc3 Bd6 8. cxd5 cxd5 9. Bb5+ Nc6 10. Qa4 O-O
11. Nxc6 bxc6 12. Bxc6 Bxh2 13. Bd2 Bd6 14. O-O-O Rac8 15. Rh4 Qxc6 16. Qxc6 Rxc6 17. Rdh1 Rfc8 18. f3 e5 19. g4 exd4 20. exd4 Bd3
21. Bg5 Be7 22. f4 h6 23. Bxf6 Bxf6 24. g5 Bxd4 25. Kd2 Bf2 26. R4h2 Bg3 27. Rg2 Bxf4+ 28. Kxd3 Bxg5 29. Nxd5 Rd6 30. Ke4 Re8+
31. Kd4 Rc8 32. Ke5 Ra6 33. Rxg5 Re6+
0-1